| 000 | 00791nam a2200229Ia 4500 | ||
|---|---|---|---|
| 003 | GCL | ||
| 005 | 20240530095501.0 | ||
| 008 | 140319s9999 xx 000 0 ara d | ||
| 040 |
_aGCL / _cGCL |
||
| 082 | 0 | 4 |
_a336.200962 _bق/ج ع |
| 100 | 1 | _aجلال الشافعى | |
| 245 | 1 | 0 |
_aالعولمة الاقتصادية : الاثر على الضرائب فى مصر / _cجلال الشافعى |
| 250 | _aالاولى | ||
| 260 |
_aالقاهرة : _bمطابع الاهرام التجارية ، _c2002 |
||
| 300 |
_a87 ص ؛ _c24 سم |
||
| 490 |
_aكتاب الاهرام الاقتصادى _v179 |
||
| 650 | 0 | 4 | _aالرسوم الجمركية |
| 650 | 0 | 4 | _aالعولمة |
| 650 | 0 | 4 | _aالضرائب - مصر |
| 650 | 0 | 4 | _aالاقتصاد - العولمة |
| 942 |
_2ddc _cBK |
||
| 999 |
_c7709 _d7709 |
||